=LDR 00000nam 2200000 4500 =001 INLIS000000000050921 =005 20170807074518 =035 ##$$a 0010-0817000104 =007 ta =008 170807###########################0###### =020 ##$$a 978-602-6208-30-9 =082 ##$$a 92 ( Kartini ) =084 ##$$a 92 ( Kartini ) GEL =245 ##$$a Gelap Terang Hidup Kartini =250 ##$$a cet.3 =260 ##$$a Jakarta :$b KPG. Gramedia,$c 2016 =300 ##$$a x, 148 hlm : $b ilus. ; $c 23 cm =500 ##$$a Indeks : hlm. 146-148 =650 ##$$a Biografi Kartini =700 #$$a Leila S. Chudori =990 ##$$a 90079007 =990 ##$$a 31701574 =990 ##$$a 31701574 =990 ##$$a 90089008 =990 ##$$a 31701580 =990 ##$$a 31701574